| 000 | 00631cam a2200241 4500 | ||
|---|---|---|---|
| 008 | 090401t1989 xxu||||| |||| 00| 0 eng d | ||
| 020 | _a0863420753 | ||
| 035 | _a(Sirsi) u7933 | ||
| 041 | _aeng | ||
| 050 | _a711.558 | ||
| 100 | _aGarbutt, J.H. | ||
| 245 | _aGreen belt re-negotiations in the outer metropolitan area | ||
| 260 |
_aOxford _bOxford Polytechnic School of Planning _c1989 |
||
| 300 | _a83p. : ill.,maps ; 30cm. | ||
| 350 | _a4.5 | ||
| 490 |
_aWorking Paper _v114 |
||
| 650 | _aDEVELOPMENT | ||
| 650 | _aGREEN BELTS | ||
| 650 | _aHERTFORDSHIRE | ||
| 650 | _aSURREY | ||
| 942 | _n0 | ||
| 948 | _c04/03/1997 | ||
| 999 |
_c86460 _d86460 |
||